000 00800 a2200205 4500
999 _c5590
_d5590
020 _a9781439809624 (hard back : alk. paper)
050 0 0 _aRA576MOL20`0
245 0 0 _aAir pollution :
_bhealth and environmental impacts /
_cedited by Bhola R. Gurjar, Luisa T. Molina, Chandra S.P. Ojha ; foreword by Mario J. Molina.
264 _aLondon:
_bCRC Press,
_c2010
300 _axxiii, 532 p. :
_bill., maps
500 _aincludes index
504 _aIncludes bibliographical references and index.
650 0 _aAir
_xPollution
_xHealth aspects.
650 0 _aAir
_xPollution.
700 1 _aGurjar, B. R.
700 1 _aMolina, Luisa T.
700 1 _aOjha, C. Shekhar P.
942 _2lcc
_cBK
_h576
_iMOL
_kRA